00621nam a22002057a 4500010001300000020002500013035001300038037001800051040001200069082001300081100002200094245010100116260005500217270003700272300001900309650002900328650001800357700002100375700001900396 aB-229323 a978183481595c450.00 aB-229323 bCen Lib / Ret aDPLbEN a000bTRI aTripathi, Brijesh aPathfinder CDS entrance examination /cby Brijesh Tripathi, Satyajeet Rawat [and] Neetika Goyal  aMeerutbSanjeeb Arihant Publications Jain, Sanjeev aKalindi Transport Nagar bMeerut a174pc27cm(Hb) aCDS entrance examination aEntrance exam aRawat, Satyajeet aGoyal, Neetika